00490nam a22001697a 4500003000400000005001700004008004100021020001800062040002900080050002100109100001900130245005500149250001300204260003500217300004200252650002600294OSt20260605152649.0260605b |||||||| |||| 00| 0 eng d a9780205992102 cchuka university library aBF 637 .M37 2015 a Martin Garry aBehavior Modification :What it is and How to do it a10th Ed. aBoston columbusbPearsonc2015 aVarious pagingbcolored illustrations aBehavior modification